000 00501nam a2200181Ia 4500
003 OSt
005 20250710111019.0
008 211109s9999||||xx |||||||||||||| ||und||
040 _cSBCL
082 _a415
_bNID-V
100 _aNidhiry, Abraham M
245 0 _a The voice of a master
260 _bUnknown Publisher
_aNo Place
_c2013
300 _a49p.,21cm
630 _xGeneral Stack
650 _aEnglish fiction
_vEnglish & Old English literatures
_xLiterature & rhetoricGeneralia
942 _cBOOK
999 _c57177
_d57177